• 首页
  • 本馆介绍
  • 公告通知
  • 最新文献
  • 馆藏检索
  • 电子资源
  • 读者导购
  • 参考咨询
  • 我的图书馆
  • 登录
  • 详细信息显示
  • 放入我的书架
  • 预约/预借图书
  • 作者相关作品
  • 分类相关作品
  • 丛书相关作品
  • 出版社相关作品

书目信息

  • 表格格式
  • 工作单格式
  • 卡片格式
题名:
20世纪数学经纬
    
 
作者: 张奠宙 著
分册:  
出版信息: 上海   华东师范大学出版社  2002
页数: 568页
开本: 21cm
丛书名:
单 册:
中图分类: O11 , O1
科图分类:
主题词: 数学史--世界--20世纪 , 数学
电子资源:
ISBN: 7-5617-2833-6
000 00824n|m0 2200253 450
001 1557316321
005 20150118205357.03
010    @a7-5617-2833-6@b精装@dCNY34.00
100    @a20020724d2002 em y0chiy0110 ea
101 0  @achi
102    @aCN@b310000
105    @aa z 001yy
200 1  @a20世纪数学经纬@920 shi ji shu xue jing wei@f张奠宙著
210    @a上海@c华东师范大学出版社@d2002
215    @a568页@c照片,图@d21cm
330    @a本书内容包括:“现代数学的开始”、“格丁根学派的黄金时期”、“反法西斯战争时期”、“战后美苏数学争雄”、“回顾与展望”等。
510 1  @aA Panorama of the 20th Century Mathematics@zeng
606 0  @a数学史@y世界@z20世纪
606 0  @a数学
690    @aO11@v5
690    @aO1@v4
701  0 @a张奠宙@9zhang dian zhou@4著
801  0 @aCN@bTSSF@c20150118
905    @aZUCC@dO1@eJY21
    
    20世纪数学经纬/张奠宙著.-上海:华东师范大学出版社,2002
    568页:照片,图;21cm
    
    
    ISBN 7-5617-2833-6(精装):CNY34.00
    本书内容包括:“现代数学的开始”、“格丁根学派的黄金时期”、“反法西斯战争时期”、“战后美苏数学争雄”、“回顾与展望”等。
●
相关链接 在E读中查询图书 在五车中查询图书 在当当中查询图书 在豆瓣中查询图书


正题名:20世纪数学经纬     索取号:O1/JY21         预约/预借

序号 登录号 条形码 馆藏地/架位号 状态 备注
1 7849266   278492668   学院路分馆/ [索取号:O1/JY21] 在馆    
2 7851522   278515224   学院路分馆/ [索取号:O1/JY21] 在馆    
3 7851523   278515233   学院路分馆/ [索取号:O1/JY21] 在馆    
4 7851524   278515242   学院路分馆/ [索取号:O1/JY21] 在馆    
唐山师范学院图书馆 欢迎您!
大连网信软件有限公司© 版权所有